Manual para estructurar firmas pequeąs de contadores pb︢licos certificados

Detalles Bibliográficos
Autor Corporativo: Instituto Mexicano de Contadores Pb︢licos
Formato: Libro
Lenguaje:español
Publicado: Mx̌ico Instituto Mexicano de Contadores Pb︢licos 2014
Materias:
Acceso en línea:Acceso restringido

MARC

LEADER 00000nam a22000007a 4500
005 20160121122337.0
007 cr|||| ||u|
008 160121s2014 mx ||||| |||| 00||0 spa d
020 |a 978-607-8384-11-2 
035 |a 13045 
040 |a vLex 
090 |c 5820  |d 5820 
245 1 0 |a Manual para estructurar firmas pequeąs de contadores pb︢licos certificados  |h [Recurso electrn̤ico] /  |c CAPPI - Comisin̤ de Apoyo a la Prc̀tica Profesional Independiente  
256 |a Servicio en ln̕ea  
260 |a Mx̌ico   |b Instituto Mexicano de Contadores Pb︢licos  |c 2014 
300 |a 1 recurso electrn̤ico  
500 |a Esta obra es resultado de las investigaciones de la Comisin̤ de Apoyo a la Prc̀tica Profesional Independiente (CAPPI), del Instituto Mexicano de Contadores Pb︢licos, A.C. (IMCP), la cual ren︢e la experiencia obtenida en ms̀ de cuatro dčadas por los profesionales que la conforman y quienes han logrado establecerse de forma independiente, dirigiendo sus propios despachos. Una de las actividades de esta Comisin̤ es actualizar cada aǫ el contenido de este manual y modernizar aquello que ha cambiado por la evolucin̤ lg̤ica del desarrollo tecnolg̤ico, as ̕como de eliminar lo que se volvi ̤obsoleto. En consecuencia, este trabajo que se actualiza al 31 de diciembre de 2013 permite obtener el conocimiento necesario para constituir un despacho independiente, los servicios que este puede prestar y, los aspectos legales que deben ser considerados, cm̤o administrar a sus integrantes, cm̤o fijar y determinar los honorarios para ser competitivos, las perspectivas de crecimiento, el tratamiento de los socios y asociados, y el control de calidad, entre otros, tomando en cuenta las disposiciones que se han dado a conocer por las autoridades y los medios de comunicacin̤ correspondientes. 
506 1 |a Contenido solo disponible en los productos indicados  |d vLex Global  |d vLex Global (Academic Edition, excluding Law Schools)  |d vLex Global (U.S. Academic Edition, Law Schools)  |d vLex Global (U.S. Academic Edition, excluding Law Schools)  |d vLex Global (Academic Edition, Law Schools) 
650 0 4 |a Derecho  |z Mx̌ico 
710 |a Instituto Mexicano de Contadores Pb︢licos 
740 0 |a vLex libros (servicio en ln̕ea)  
856 4 0 |u http://vlex.com/source/manual-para-estructurar-firmas-peque-as-de-contadores-publicos-certificados-13045  |z Acceso restringido  
942 |c BOOK 
999 0 |a Law